| 000 | 00842 a2200277 4500 | ||
|---|---|---|---|
| 001 | 21624 | ||
| 999 |
_c21624 _d6862 |
||
| 003 | TR-AnTOB | ||
| 005 | 20220415001224.0 | ||
| 008 | 041206s2001 tu tur | ||
| 020 | _a9755640878 | ||
| 035 | _a21624 | ||
| 041 | _atur | ||
| 050 |
_aHC492 _b.A23 2001 |
||
| 090 | _aHC492 .A23 2001 | ||
| 100 |
_aAcar, Yalçın _914783 |
||
| 245 | 0 |
_aTarihsel açıdan Türkiye ekonomisi ve izlenen iktisadi politikalar 1923-1963 / _cYalçın Acar. |
|
| 250 | _a4. bs. | ||
| 264 | 1 |
_aBursa : _bUludağ Üniversitesi Vipaş A.Ş., _c2001 |
|
| 300 |
_a109 p. : _btables ; _c24 cm. |
||
| 490 | 0 |
_aUludağ Üniversitesi Güçlendirme Vakfı No; 186. _aVİPAŞ A.Ş. _aNo; 62 |
|
| 500 | _aIncludes bibliographies. | ||
| 651 | 0 |
_aTürkiye _xEkonomik durum _980633 |
|
| 651 | 0 |
_aTürkiye _xEkonomik durum _980633 |
|
| 902 | _a0009199 | ||
| 942 | _cBK | ||